La niña de tus ojos (Registro nro. 49682)

Detalles MARC
000 -ENCABEZADO
Número de control [NR] 02590nam a2200325Ia 4500
005 - FECHA Y HORA DE LA ÚLTIMA TRANSACCIÓN
control field 20140806170456.0
008 - DE LONGITUD FIJA DE DATOS DE ELEMENTOS - INFORMACIÓN GENERAL
Elementos de longitud fija [NR] 130821s1998 xx g q mlspa d
040 ## - FUENTE DE CATALOGACION [NR]
Agencia de catalogación original [NR] CO-BoUCM
Idioma de catalogación [NR] spa
Quien Cataloga
Quien Clasifica [Nuevo]
041 ## - CODIGO DE IDIOMA [R]
Código de idioma para texto/pista de sonido o título separado [R] Español
092 ## - SIGNATURA TOPOGRAFICA LOCAL
Número de clasificación local DVD 0088
245 13 - MENCION DE TITULO [NR]
Título [NR] La niña de tus ojos
Mención de responsabilidad, etc. [NR] Fernando Trueba, director
Medio físico [NR] [DVD]
246 13 - FORMA VARIANTE DEL TITULO [R]
Título propiamente dicho/forma breve del título [NR] The Girl of your Dreams
260 ## - PUBLICACION, DISTRIBUCION, ETC. (PIE DE IMPRENTA) [R]
Lugar de publicación, distribución, etc. [R] [Lugar desconocido]
Nombre del editor, distribuidor, etc. [R] Lolafilms
Fecha de publicación, distribución, etc. [R] 1998
300 ## - DESCRIPCION FISICA [R]
Extensión [R] 1 DVD, 121 minutos
Otros detalles físicos [NR] imagen, sonido, color
500 ## - NOTA GENERAL [R]
Nota general [NR] SINOPSIS : La Alemania nazi invita a un grupo de cineastas españoles cercanos al nuevo régimen a rodar la doble versión, alemana y española, del drama musical de ambiente andaluz "La niña de tus ojos", en los estudios de la UFA en Berlín. Felices por dejar atrás la guerra en su país, la reducida troupe de españoles capitaneada por el director Blas Fontiveros inicia su rodaje en el Berlín hitleriano. Pronto descubren que han escapado de una guerra para caer en otra, que la hospitalidad del ministro alemán de Propaganda Joseph Goebbels tiene mucho que ver con los encantos juveniles de la actriz Macarena Granada, y que los únicos extras con aspecto andaluz que se pueden encontrar en Alemania son gitanos de un campo de concentración
508 ## - NOTA DE CREDITOS DE CREACION/PRODUCCION [R]
Nota de créditos de creación/producción [NR] CRÉDITOS: Dirigida por Fernando Trueba ; escrita por David Trueba ; producida por Eduardo Campoy ; música por Antoine Duhamel ; fotografía por Javier Aguirresarobe ; diseño de producción por Juan Botella y Gerardo Vera ; dirección de arte por Jan Zeman ; vestuario por Sonia Grande y Lala Huete ; maquillaje por Jirí Farkas
511 0# - NOTA DE PARTICIPANTE O INTERPRETE [R]
Nota de participante o intérprete [NR] REPARTO: Penélope Cruz, Antonio Resines, Jorge Sanz, Rosa Maria Sardà, Santiago Segura, Loles León, Jesús Bonilla, Neus Asensi, Miroslav Táborský
546 ## - NOTA DE IDIOMA [R]
Nota de idioma [NR] Audio en español. Subtítulos en inglés
586 ## - NOTA DE PREMIOS [R]
Nota de premios [NR] Ganadora de siete premios Goya, 1999 (mejor película, actriz principal, actor revelación, diseño de vestuario, dirección de arte, maquillaje, dirección de producción)
650 04 - ASIENTO SECUNDARIO DE MATERIA - TERMINO TEMATICO [R]
Término temático o nombre geográfico como elemento de entrada [NR] Entretenimiento
9 (RLIN) 26487
650 04 - ASIENTO SECUNDARIO DE MATERIA - TERMINO TEMATICO [R]
Término temático o nombre geográfico como elemento de entrada [NR] Guerra en el cine
Subdivisión de forma [R] DVD
9 (RLIN) 16617
650 04 - ASIENTO SECUNDARIO DE MATERIA - TERMINO TEMATICO [R]
Término temático o nombre geográfico como elemento de entrada [NR] Películas cinematográficas
Subdivisión geográfica [R] España
Subdivisión de forma [R] DVD
9 (RLIN) 7903
700 1# - ASIENTO SECUNDARIO - NOMBRE PERSONAL [R]
Nombre personal [NR] Trueba, Fernando
Término de relación [R] director
9 (RLIN) 63624
710 2# - ASIENTO SECUNDARIO - NOMBRE CORPORATIVO [R]
Nombre corporativo o de jurisdicción como elemento de entrada [NR] Antena 3
9 (RLIN) 63625
710 2# - ASIENTO SECUNDARIO - NOMBRE CORPORATIVO [R]
Nombre corporativo o de jurisdicción como elemento de entrada [NR] Creativos Asociados de Radio y Televisión (CARTEL)
9 (RLIN) 63626
710 2# - ASIENTO SECUNDARIO - NOMBRE CORPORATIVO [R]
Nombre corporativo o de jurisdicción como elemento de entrada [NR] Lolafilms
9 (RLIN) 63627
765 0# - ASIENTO DE IDIOMA ORIGINAL [R]
Asiento principal [NR] The Girl of your Dreams
856 40 - LOCALIZACION Y ACCESO ELECTRONICOS [R]
Identificador Uniforme del Recurso (“URI”) [R] <a href="http://www.youtube.com/watch?v=PLg2RylcIWU">http://www.youtube.com/watch?v=PLg2RylcIWU</a>
Nota dirigida al público [R] Siga este enlace para ver el trailer
-- Trailer tomado del canal filmotech vía YouTube.com
942 ## - ELEMENTOS DE ENTRADA AGREGADOS (KOHA)
Koha item type Multimedia
Source of classification or shelving scheme LOCAL
Tema principal Entretenimiento
Edition 1
Classification part DVD 0088
Existencias
Suprimido Perdido Sistema de clasificación Dañado No prestable Tipo de ítem específico Ubicación habitual Ubicación actual Localización Fecha de creación Forma de adquisición Costo Total préstamos Signatura topográfica Código de barras Última vez visto Fecha de último préstamo Ejemplar Price effective from Tipo de ítem Total Renewals
    LOCAL   Préstamo restringido DVD Procesos Técnicos (no para préstamo) Procesos Técnicos (no para préstamo) Procesos Técnicos 28/02/2006 Donación 68900.00 8 DVD 0088 100078986 04/12/2025 07/05/2012 Ej.1 03/02/2013 Multimedia  
    LOCAL     DVD Quinta de Mutis Quinta de Mutis Colección digital 28/02/2006 Donación 26000.00 167 DVD 0088 100078985 12/12/2025 12/05/2016 Ej.2 03/02/2013 Multimedia 1